Pokémon - Les attaques de Noacier - Statistiques

Statistiques générales
  • Ce quiz a été pris 20 fois
  • Le résultat moyen est 9 sur 13
Statistiques - réponses
Niveaux Types Noms des attaques % Correct
Niveau 43 Spectre Malédiction
92%
Départ Évolution Plante Mégafouet
92%
Niveau 35 Acier Mur de Fer
92%
Niveau 25 Acier Tête de Fer
92%
Niveau 49 Acier Gyroballe
85%
Départ Acier Griffe Acier
77%
Départ Normal Armure
69%
Départ Normal Charge
69%
Départ Insecte Dard-Nuée
62%
Niveau 20 Acier Luminocanon
54%
Niveau 15 Plante Racines
54%
Niveau 30 Normal Destruction
23%
Niveau 56 Normal Explosion
23%
Aucun quiz correspondant
Distribution des résultats
% des personnes avec chaque résultat
Percentile par nombre de réponses
Votre historique - résultats
Vous n’avez pas pris ce quiz